000 00308nam a22001337a 4500
008 170810b xxu||||| |||| 00| 0 eng d
020 _a9780672314223
041 _aeng
080 _a004
100 _a35
101 _aSHKI
245 _aDATABASE ACCESS WITH VISUAL BASIC 6
_cMCMANUS, J.P
942 _2udc
_cBK
999 _c23099
_d23099